Lana Del Rey Charting Albums (Billboard Hot 200) - Statistics

General Stats
  • This quiz has been taken 22 times
  • The average score is 8 of 10
Answer Stats
Year Weeks on Peak Album % Correct
2012 594 #2 Born to Die
100%
2019 29 #3 Norman Fucking Rockwell!
90%
2015 17 #2 Honeymoon
85%
2017 23 #1 Lust For Life
85%
2014 55 #1 Ultraviolence
85%
2021 5 #8 Blue Banisters
80%
2021 5 #2 Chemtrails Over The Country Club
80%
2023 41 #3 Did you know that there's a tunnel under Ocean Blvd
70%
2010 3 #20 Lana Del Ray
50%
2012 55 #10 Born to Die: The Paradise Edition
35%
No matching quizzes found
Score Distribution
Percent of People with Each Score
Percentile by Number Answered
Your Score History
You have not taken this quiz